30 Minutes (Record no. 22096)
[ view plain ]
| 000 -LEADER | |
|---|---|
| fixed length control field | 00888nam a22002537a 4500 |
| 003 - CONTROL NUMBER IDENTIFIER | |
| control field | IBSLLIB |
| 005 - DATE AND TIME OF LATEST TRANSACTION | |
| control field | 20260510104658.0 |
| 008 - FIXED-LENGTH DATA ELEMENTS--GENERAL INFORMATION | |
| fixed length control field | 260510b |||||||| |||| 00| 0 eng d |
| 020 ## - INTERNATIONAL STANDARD BOOK NUMBER | |
| International Standard Book Number | 8175540737 |
| 040 ## - CATALOGING SOURCE | |
| Original cataloging agency | IBSLLIB |
| Language of cataloging | English |
| 041 ## - LANGUAGE CODE | |
| Language code of original | ENGLISH |
| 082 ## - DEWEY DECIMAL CLASSIFICATION NUMBER | |
| Classification number | 658.8 |
| Item number | WES |
| 100 ## - MAIN ENTRY--PERSONAL NAME | |
| Personal name | Westwood , John |
| 245 ## - TITLE STATEMENT | |
| Title | 30 Minutes |
| Remainder of title | To Write a Marketing Plan |
| 260 ## - PUBLICATION, DISTRIBUTION, ETC. (IMPRINT) | |
| Place of publication, distribution, etc. | New Dilhi : |
| Name of publisher, distributor, etc. | Kogan Page , |
| Date of publication, distribution, etc. | 1997 |
| 300 ## - PHYSICAL DESCRIPTION | |
| Extent | 64 P ; |
| Dimensions | 18 cm |
| 505 ## - FORMATTED CONTENTS NOTE | |
| Formatted contents note | What is Marketing Planning?<br/>Situation Analysis<br/>Objectives , Strategies and Action Plans<br/>Distribution, Promotion Budgets<br/>Writing the Plan<br/>Presenting the Plan, Follow-up and Revision |
| 650 ## - SUBJECT ADDED ENTRY--TOPICAL TERM | |
| Topical term or geographic name as entry element | 30 Minutes To Write a Marketion Plan |
| 653 ## - INDEX TERM--UNCONTROLLED | |
| Uncontrolled term | Marketing Planning |
| 653 ## - INDEX TERM--UNCONTROLLED | |
| Uncontrolled term | Situation and Analysis |
| 653 ## - INDEX TERM--UNCONTROLLED | |
| Uncontrolled term | Objectives , Strategies and Action Plans |
| 653 ## - INDEX TERM--UNCONTROLLED | |
| Uncontrolled term | Distribution, Promotion and Budgets |
| 942 ## - ADDED ENTRY ELEMENTS (KOHA) | |
| Koha item type | Lending Book |
| Withdrawn status | Lost status | Damaged status | Not for loan | Collection code | Permanent Location | Current Location | Shelving location | Date acquired | Source of acquisition | Inventory number | Full call number | Barcode | Koha item type |
|---|---|---|---|---|---|---|---|---|---|---|---|---|---|
| Lending Collection | IBSL Library | IBSL Library | Lending Section | 30/04/2026 | Donation | 10864 | 358.8 WES | 10864 | Lending Book |
